| 000 | 00000nam##2200000za#4500 |
| 001 | 9.615423 |
| 003 | CaOODSP |
| 005 | 20230131161134 |
| 007 | ta |
| 008 | 150406|2001||||xxc||||| f|0| 0 eng|d |
| 020 | |a0-660-18370-6 |
| 022 | |a0068-7626 |
| 040 | |aCaOODSP|beng |
| 043 | |an-cn--- |
| 086 | 1 |aM42-568E |
| 110 | 2 |aGeological Survey of Canada. |
| 245 | 10|aStratigraphy, sedimentology, tectonics, and resource potential of the Lower Carboniferous Mabou Group, Nova Scotia / |cby A. P. Hamblin. |
| 260 | |aOttawa - Ontario : |bNatural Resources Canada. |c2001. |
| 300 | |a166p. : |bgraphs, illus., maps, references ; |c28 cm. |
| 490 | 1 |aBulletin|x0068-7626|v568 |
| 546 | |aRésumés en français |
| 563 | |aSoftcover |
| 590 | |a01-51|b2001-12-28 |
| 690 | 07|aStratigraphy|2gcpds |
| 690 | 07|aSedimentology|2gcpds |
| 690 | 07|aGeology|2gcpds |
| 690 | 07|aAtlantic provinces|2gcpds |
| 720 | 1 |aHamblin, A. P. |
| 830 | #0|aBulletin,|x0068-7626|v568|w(CaOODSP)9.514768 |